[Event "7th Malaysia Open"]
[Site "Kuala Lumpur MAS"]
[Date "2010.09.02"]
[Round "2"]
[White "Ton,T"]
[Black "Wan Yunguo"]
[Result "1/2-1/2"]
[WhiteElo "2243"]
[BlackElo "2450"]
[EventDate "2010.09.01"]

1. d4 d6 2. Nf3 g6 3. c4 Bg7 4. Nc3 Nf6 5. e4 O-O 6. h3 Na6 7. Be3 e5 8. d5
Nc5 9. Nd2 a5 10. a3 Ne8 11. b4 f5 12. bxc5 f4 13. Qe2 Bh6 14. Bxf4 exf4
15. cxd6 cxd6 16. Qd3 Nf6 17. Be2 Nd7 18. Na4 Ne5 19. Qb3 Qg5 20. h4 Qxg2
21. Bf3 Nxf3+ 22. Qxf3 Qxf3 23. Nxf3 Re8 24. Nb6 Rb8 25. Kd2 Rxe4 26. Rhe1
Bf5 27. Rxe4 Bxe4 28. Nd7 Bg7 29. Re1 Rd8 30. Rxe4 Rxd7 31. Re8+ Kf7 32.
Ra8 h6 33. Rxa5 Bf6 34. Kd3 g5 35. hxg5 hxg5 36. Nh2 Bd8 37. Ra8 Bb6 38.
Ng4 Re7 39. Rh8 Bc5 40. Rh7+ Kf8 41. Rxe7 Kxe7 42. Ke4 Bxa3 43. Kf5 Kd7 44.
Kxg5 Kc7 45. Nf6 Bb2 46. Ne4 Be5 47. Kf5 f3 48. Kg4 b5 49. cxb5 Kb6 50.
Kxf3 Kxb5 51. Ng5 Bf6 52. Nf7 Bh4 53. Kg4 Bxf2 54. Kf5 Bg3 55. Ke6 Kc5 56.
Nd8 Kb6 1/2-1/2

[Event "7th Malaysia Open"]
[Site "Kuala Lumpur MAS"]
[Date "2010.09.02"]
[Round "2"]
[White "Morris,J"]
[Black "Satyapragyan,S"]
[Result "0-1"]
[WhiteElo "2262"]
[BlackElo "2451"]
[EventDate "2010.09.01"]

1. c4 e5 2. Nc3 Bb4 3. Qb3 Bxc3 4. Qxc3 Nc6 5. d3 Nf6 6. e4 d6 7. Ne2 Be6
8. f4 Bg4 9. Be3 Nh5 10. f5 g6 11. Nf4 Nxf4 12. Bxf4 Rg8 13. Be3 gxf5 14.
h3 f4 15. Bxf4 Bf3 16. Be3 Bxg2 17. Bxg2 Rxg2 18. O-O-O Qd7 19. d4 exd4 20.
Bxd4 O-O-O 21. Bf6 Rdg8 22. Rd2 Rxd2 23. Qxd2 Qe6 24. Qc3 Qxe4 25. Re1 Qf5
26. h4 b6 27. Bg5 Ne5 28. Qc2 Qxc2+ 29. Kxc2 Nxc4 30. Kd3 Ne5+ 31. Ke4 h6
32. Bf6 Rg2 33. Bxe5 dxe5 34. Kxe5 Rxb2 35. Kf6 Rxa2 36. Kxf7 h5 37. Re5
Ra5 38. Rg5 Kd7 39. Kg6 Ke7 0-1

[Event "7th Malaysia Open"]
[Site "Kuala Lumpur MAS"]
[Date "2010.09.02"]
[Round "2"]
[White "Neelotpal,D"]
[Black "Vakhidov,J"]
[Result "1-0"]
[WhiteElo "2454"]
[BlackElo "2272"]
[EventDate "2010.09.01"]

1. Nf3 c5 2. c4 Nc6 3. g3 g6 4. d4 cxd4 5. Nxd4 Nxd4 6. Qxd4 Nf6 7. Nc3 Bg7
8. Bg2 O-O 9. c5 d6 10. Qb4 dxc5 11. Qxc5 Nd7 12. Qa3 a6 13. O-O Rb8 14.
Nd5 Re8 15. Bf4 Ne5 16. Rfd1 Bd7 17. Rac1 e6 18. Nc7 Rf8 19. Qa5 Qf6 20.
Qxe5 Qxe5 21. Bxe5 Bxe5 22. Rxd7 Rfd8 23. Rxd8+ Rxd8 24. Bxb7 Rd7 25. Nxa6
Rxb7 26. Rc8+ Kg7 27. b4 Rb6 28. Ra8 Bd6 29. a3 Rc6 30. Kg2 Rc3 31. Rd8 Be7
32. Rd3 Rc2 33. e3 Rb2 34. Nb8 e5 35. Nc6 e4 36. Rd4 Bf6 37. Rxe4 Ra2 38.
b5 Rxa3 39. b6 Rb3 40. Rb4 1-0

[Event "7th Malaysia Open"]
[Site "Kuala Lumpur MAS"]
[Date "2010.09.02"]
[Round "2"]
[White "Udani,I"]
[Black "Goh Weiming"]
[Result "1-0"]
[WhiteElo "2255"]
[BlackElo "2428"]
[EventDate "2010.09.01"]

1. d4 e6 2. c4 Nf6 3. Nf3 b6 4. g3 Ba6 5. Qa4 Bb7 6. Bg2 c5 7. dxc5 Bxc5 8.
Nc3 O-O 9. O-O Qc8 10. Bf4 a6 11. Rad1 d5 12. cxd5 Nxd5 13. Nxd5 Bxd5 14.
b4 b5 15. Qa3 Bb6 16. Ng5 h6 17. Bxd5 exd5 18. Nf3 Qe6 19. Qd3 Nc6 20. a3
Rad8 21. Rc1 g5 22. Bxg5 Ne5 23. Nxe5 hxg5 24. Nf3 g4 25. Nh4 Rc8 26. Qd2
Qf6 27. Rxc8 Rxc8 28. Qxd5 Rd8 29. Qh5 Rd4 30. e3 Re4 31. Rc1 Kf8 32. Rc8+
Ke7 33. Qd5 Qa1+ 34. Kg2 Rxe3 35. Qb7+ Kf6 36. Rf8 1-0

[Event "7th Malaysia Open"]
[Site "Kuala Lumpur MAS"]
[Date "2010.09.02"]
[Round "2"]
[White "Zeng,C"]
[Black "Bakliwal,G"]
[Result "1-0"]
[WhiteElo "2410"]
[BlackElo "2236"]
[EventDate "2010.09.01"]

1. d4 Nf6 2. c4 e6 3. Nf3 b6 4. Bg5 Bb7 5. e3 h6 6. Bh4 g5 7. Bg3 Ne4 8.
Nbd2 h5 9. Nxe4 Bxe4 10. Nd2 Bb4 11. f3 Bb7 12. e4 h4 13. Bf2 Qf6 14. a3
Bxd2+ 15. Qxd2 Nc6 16. O-O-O O-O-O 17. Be3 Rdg8 18. Be2 h3 19. g3 d5 20.
cxd5 exd5 21. e5 Qe7 22. Rhe1 f6 23. exf6 Qxf6 24. f4 g4 25. Bd3 Kb8 26. f5
Bc8 27. Bf4 Qxd4 28. Qc2 Qc5 29. b4 Qxc2+ 30. Bxc2 Re8 31. Rxe8 Rxe8 32.
Rxd5 Re2 33. b5 Rxh2 34. bxc6 Re2 35. f6 Re6 36. f7 Rf6 37. Rd7 h2 38. Be4
1-0

[Event "7th Malaysia Open"]
[Site "Kuala Lumpur MAS"]
[Date "2010.09.02"]
[Round "2"]
[White "Duong The Anh"]
[Black "Castellano,Christo"]
[Result "1-0"]
[WhiteElo "2420"]
[BlackElo "2231"]
[EventDate "2010.09.01"]

1. d4 d5 2. Nf3 e6 3. Bf4 Bd6 4. e3 Nf6 5. Nbd2 O-O 6. Bd3 c5 7. c3 Bxf4 8.
exf4 cxd4 9. cxd4 b6 10. Qe2 a5 11. O-O Ba6 12. Bxa6 Nxa6 13. Rac1 Qb8 14.
Ne5 Rc8 15. g3 Qb7 16. Qb5 h6 17. a3 Nc7 18. Qd3 Nce8 19. f5 exf5 20. Qxf5
Nd6 21. Qf4 Rxc1 22. Rxc1 Rc8 23. Nf1 Nfe4 24. h4 g5 25. hxg5 hxg5 26. Qe3
f6 27. Ng4 Kg7 28. Qe1 Nf5 29. Rxc8 Qxc8 30. Nge3 Ne7 31. Nxd5 Nxd5 32.
Qxe4 Qc4 33. Kg2 Qb3 34. Qf3 Qc4 35. Qe4 Qb3 36. a4 Nb4 37. Ne3 Qf7 38. d5
Qd7 39. b3 Kf8 40. Kg1 Qe7 41. Qd4 Qd8 42. d6 Nc6 43. Qd5 Qd7 44. Nc4 Nb4
45. Qd4 Kg7 46. Nxb6 Qc6 47. d7 Nc2 48. Qd2 1-0

[Event "7th Malaysia Open"]
[Site "Kuala Lumpur MAS"]
[Date "2010.09.02"]
[Round "2"]
[White "Aris,T"]
[Black "Nadanian,A"]
[Result "0-1"]
[WhiteElo "2241"]
[BlackElo "2411"]
[EventDate "2010.09.01"]

1. d4 d5 2. Nf3 e6 3. c4 c5 4. e3 Nf6 5. Nc3 Nc6 6. a3 a6 7. dxc5 Bxc5 8.
b4 Ba7 9. Bb2 O-O 10. Be2 dxc4 11. Qxd8 Rxd8 12. Bxc4 b5 13. Bb3 Bb7 14.
Ke2 a5 15. Rhd1 Rxd1 16. Bxd1 axb4 17. axb4 Nxb4 18. Bb3 Ba6 19. Nd4 Bxd4
20. exd4 Nc6 21. Nd1 Bb7 22. Rxa8+ Bxa8 23. Ne3 Kf8 24. d5 Na5 25. Bc2 Nxd5
26. Bxh7 Nxe3 27. fxe3 Nc4 28. Bc3 g6 0-1

[Event "7th Malaysia Open"]
[Site "Kuala Lumpur MAS"]
[Date "2010.09.02"]
[Round "2"]
[White "Wang Jue"]
[Black "Iuldachev,S"]
[Result "0-1"]
[WhiteElo "2227"]
[BlackElo "2496"]
[EventDate "2010.09.01"]

1. e4 e5 2. Nf3 Nc6 3. Bb5 Bc5 4. O-O Qf6 5. d3 h6 6. Be3 Bb6 7. Nc3 Nge7
8. Qe2 O-O 9. Bxb6 axb6 10. Nd5 Nxd5 11. exd5 Ne7 12. Qxe5 Qxe5 13. Nxe5 d6
14. Nf3 Nxd5 15. Bc4 Ne7 16. Nd4 Bd7 17. Rfe1 Rfe8 18. a3 Kf8 19. f3 c5 20.
Ne2 Nf5 21. Kf2 Bc6 22. Nf4 b5 23. Ba2 Rxe1 24. Rxe1 b4 25. Bd5 bxa3 26.
Bxc6 bxc6 27. Ra1 Ra4 28. Ne2 axb2 29. Rb1 Rb4 30. c3 Rb3 31. g4 Nh4 32.
Ke3 g5 33. Ke4 d5+ 34. Ke3 d4+ 35. Kd2 Nxf3+ 36. Kc2 Rb8 37. h3 dxc3 38.
Kxc3 Nd4 39. Ng3 Nb5+ 40. Kb3 Rd8 41. Kxb2 Rxd3 42. Nf5 Nd4 43. Nxh6 Rxh3
44. Nf5 Rb3+ 0-1

[Event "7th Malaysia Open"]
[Site "Kuala Lumpur MAS"]
[Date "2010.09.02"]
[Round "2"]
[White "Sutarno"]
[Black "Gao Rui"]
[Result "0-1"]
[WhiteElo "2231"]
[BlackElo "2450"]
[EventDate "2010.09.01"]

1. e4 c5 2. Nf3 d6 3. c4 Nc6 4. d4 Bg4 5. d5 Nd4 6. Be2 Nxe2 7. Qxe2 Nf6 8.
h3 Bd7 9. Nc3 g6 10. O-O Bg7 11. Bf4 O-O 12. e5 dxe5 13. Bxe5 Re8 14. Rad1
b6 15. Rfe1 Qc8 16. Qe3 Qb7 17. a4 Rac8 18. Bh2 e6 19. d6 Red8 20. Ne5 a6
21. Bf4 Bc6 22. Bg5 Rf8 23. f3 Nd7 24. Ng4 h5 25. Nh2 Bd4 26. Rxd4 cxd4 27.
Qxd4 e5 28. Qd3 Nc5 29. Qd2 Rfe8 30. b4 Ne6 31. Be7 Rxe7 32. dxe7 Qxe7 33.
Qb2 Nf4 34. Rd1 Qe6 35. c5 bxc5 36. b5 axb5 37. axb5 Bb7 38. Nf1 c4 39. Qf2
Nd3 40. Qa7 Qd7 41. Ne4 Kg7 42. Ne3 c3 43. Nf2 c2 44. Nxc2 Rxc2 45. Rxd3
Qxb5 46. Qe3 Ba6 47. Rd2 Qc5 48. Qxc5 Rxc5 49. Kh2 Bb7 50. h4 Rc4 51. Re2
f6 52. Kg3 Rd4 53. Rc2 Bd5 54. Rc7+ Kh6 55. Rd7 g5 56. hxg5+ Kxg5 57. Nh3+
Kg6 58. Nf2 h4+ 59. Kh2 f5 60. Rd6+ Kh5 61. Nh3 Bc4 62. Rc6 Bb3 63. Rb6 Bc4
64. Rc6 Bb3 65. Rb6 Ba2 66. Ra6 Rd2 67. Rf6 Bb1 68. Re6 Rd5 69. Re8 Kg6 70.
Rh8 Rd4 71. Rb8 Ba2 72. Rb6+ Kg7 73. Ng5 e4 74. fxe4 fxe4 75. Kh3 Bd5 76.
Kxh4 e3+ 77. Kg3 e2 78. Kf2 Rg4 79. Ne6+ Kf7 80. Nd8+ Ke8 81. Kxe2 Kd7 82.
Nf7 Bxf7 83. Kf3 Rg5 84. g4 Be6 85. Rb4 Ke7 86. Kg3 Kf6 87. Rf4+ Kg7 88.
Re4 Bf7 89. Rb4 Re5 90. Kf4 Re6 91. Rb5 Rc6 92. Rg5+ Kh6 93. Re5 Bg6 94.
Kg3 Kg7 95. Rb5 Kf6 96. Kh4 Bd3 97. Rd5 Be4 98. Ra5 Rd6 99. Rb5 Bd5 100.
Rb1 Be6 101. Rb4 Rd1 102. Rf4+ Kg6 103. Re4 Bd7 104. Rc4 Re1 105. Rd4 Be6
106. Rb4 Rh1+ 107. Kg3 Bd5 108. Rd4 Be6 109. Ra4 Rg1+ 110. Kh4 Rd1 111. Re4
Bd5 112. Re5 Rd4 113. Rg5+ Kf6 114. Rf5+ Ke7 115. Kg3 Rd3+ 116. Kh4 Be6
117. Rf4 Kd6 118. Ra4 Ke5 119. Ra5+ Kf4 120. Ra4+ Kf3 121. g5 Bf7 122. Rg4
Rd1 123. Rg3+ Kf4 124. Rh3 Rd8 0-1

[Event "7th Malaysia Open"]
[Site "Kuala Lumpur MAS"]
[Date "2010.09.02"]
[Round "2"]
[White "Swapnil,SD"]
[Black "Guo Qi"]
[Result "0-1"]
[WhiteElo "2425"]
[BlackElo "2167"]
[EventDate "2010.09.01"]

1. d4 e6 2. c4 Nf6 3. Nf3 d5 4. Nc3 Bb4 5. cxd5 exd5 6. Qa4+ Nc6 7. Bg5 h6
8. Bxf6 Qxf6 9. e3 O-O 10. Be2 Be6 11. O-O a6 12. Rac1 Bd6 13. a3 Ne7 14.
Qb3 g5 15. Ne1 b6 16. Nd3 Kh8 17. Nb4 Rfd8 18. Nxa6 c5 19. Qxb6 c4 20. b3
Nc8 21. Qc6 Ne7 22. Qb6 Nc8 23. Qb7 Ra7 24. Qc6 Bd7 25. Nxd5 Bxc6 26. Nxf6
Rxa6 27. Bxc4 Rb6 28. b4 Kg7 29. Nh5+ Kf8 30. d5 Bd7 31. f3 Be5 32. Rc2 Bf5
33. Rcf2 Nd6 34. Be2 Bb2 35. g4 Bg6 36. Ng3 Bxa3 37. f4 gxf4 38. exf4 Be4
39. Bf3 Bxf3 40. Rxf3 Bxb4 41. Rd3 Rc8 42. Kg2 Rc2+ 43. Kh3 Bc5 44. g5 Rbb2
45. Rh1 hxg5 46. fxg5 Bf2 47. Nh5 Rc4 48. Ng3 Bxg3 49. Kxg3 Ne4+ 50. Kf3
Nf2 51. d6 Nxd3 0-1

[Event "7th Malaysia Open"]
[Site "Kuala Lumpur MAS"]
[Date "2010.09.02"]
[Round "2"]
[White "Dotsenko,Vi"]
[Black "Suvrajit,S"]
[Result "0-1"]
[WhiteElo "2054"]
[BlackElo "2378"]
[EventDate "2010.09.01"]

1. c4 e5 2. Nc3 Nf6 3. g3 d5 4. cxd5 Nxd5 5. Bg2 Nb6 6. d3 Be7 7. Be3 O-O
8. Rc1 f5 9. Nf3 Nc6 10. O-O Be6 11. a3 Bf6 12. b4 Nd4 13. Nd2 c6 14. Re1
a5 15. b5 Nxb5 16. Nxb5 cxb5 17. Bxb7 Rb8 18. Bg2 Na4 19. Nb3 Rf7 20. Rc6
Bc8 21. Qd2 b4 22. axb4 axb4 23. Nc5 Nxc5 24. Bxc5 b3 25. Rb1 Bb7 26. Bb6
Qe8 27. Rd6 Bxg2 28. Kxg2 Be7 29. Re6 Qd7 0-1

[Event "7th Malaysia Open"]
[Site "Kuala Lumpur MAS"]
[Date "2010.09.02"]
[Round "2"]
[White "Aquino,J"]
[Black "Ismail,Ah"]
[Result "1-0"]
[WhiteElo "2245"]
[BlackElo "1996"]
[EventDate "2010.09.01"]

1. d4 Nf6 2. Nc3 d5 3. Bg5 c6 4. Qd2 h6 5. Bh4 Bf5 6. f3 Nbd7 7. O-O-O e5
8. dxe5 g5 9. Bg3 Nh5 10. Bf2 Nf4 11. h4 Bg7 12. hxg5 hxg5 13. Rxh8+ Bxh8
14. e3 Ne6 15. f4 Qa5 16. Nf3 Bg4 17. Be2 Bxf3 18. Bxf3 O-O-O 19. Bg4 Nb6
20. b3 Kb8 21. Bxe6 fxe6 22. Kb1 c5 23. Ne4 Qb5 24. Nxg5 Nc4 25. Qc1 Rd6
26. a4 Qa6 27. Rh1 Bg7 28. exd6 Bb2 29. Qxb2 1-0

[Event "7th Malaysia Open"]
[Site "Kuala Lumpur MAS"]
[Date "2010.09.02"]
[Round "2"]
[White "Spiller,P"]
[Black "F. Sayani,M"]
[Result "1/2-1/2"]
[WhiteElo "1986"]
[BlackElo "2201"]
[EventDate "2010.09.01"]

1. f4 e5 2. fxe5 d6 3. e6 Bxe6 4. Nf3 d5 5. e3 Bd6 6. Nc3 Nf6 7. Nb5 Be7 8.
Nbd4 O-O 9. Bd3 c5 10. Nf5 Ne4 11. Nxe7+ Qxe7 12. b3 Qf6 13. Rb1 Nc6 14.
O-O Qh6 15. Bb2 f6 16. a3 Rad8 17. Qe2 Rfe8 18. c4 Kh8 19. Rbc1 Bf7 20.
cxd5 Bxd5 21. Bc4 Bxc4 22. Rxc4 Na5 23. Ra4 Nxb3 24. d3 Nd6 25. Re1 Nf5 26.
Qc2 b5 27. Rxa7 Rxe3 28. Qxb3 Rxe1+ 29. Nxe1 Qe3+ 30. Kf1 Qd2 31. Bc3 Ne3+
32. Kg1 Qe2 33. h3 Qf1+ 34. Kh2 Qf4+ 35. Kg1 c4 36. Qxb5 Qf1+ 37. Kh2 Qf2
38. Qd7 Rg8 39. dxc4 Nf1+ 40. Kh1 Ng3+ 41. Kh2 h5 42. Qd4 Nf1+ 43. Kh1
1/2-1/2

[Event "7th Malaysia Open"]
[Site "Kuala Lumpur MAS"]
[Date "2010.09.02"]
[Round "2"]
[White "Jamals,H"]
[Black "Marmono,R"]
[Result "1-0"]
[WhiteElo "2162"]
[BlackElo "1933"]
[EventDate "2010.09.01"]

1. e4 e6 2. Qe2 d5 3. exd5 Qxd5 4. Nc3 Qd8 5. b3 g6 6. Qe5 f6 7. Qe4 Bd6 8.
Bc4 Qe7 9. Bb2 Nc6 10. O-O-O Bd7 11. f4 O-O-O 12. Nf3 Nb4 13. Rhe1 Re8 14.
Qe3 Bc5 15. d4 Bb6 16. Kb1 Nh6 17. Qd2 Qg7 18. a3 Nc6 19. d5 Na5 20. dxe6
Bc6 21. Bd5 Rd8 22. Qe2 Rhe8 23. b4 Bxd5 24. Nxd5 c6 25. Nxb6+ axb6 26.
bxa5 1-0

[Event "7th Malaysia Open"]
[Site "Kuala Lumpur MAS"]
[Date "2010.09.02"]
[Round "2"]
[White "Guo,E"]
[Black "Tan Khai Boon"]
[Result "1-0"]
[WhiteElo "1964"]
[BlackElo "2160"]
[EventDate "2010.09.01"]

1. d4 Nf6 2. Nf3 g6 3. e3 Bg7 4. c4 O-O 5. Nc3 d6 6. Be2 Nbd7 7. O-O e5 8.
b3 Re8 9. Bb2 a6 10. Qc2 Qe7 11. Rad1 e4 12. Nd2 c6 13. Ba3 Nf8 14. Rfe1
Bf5 15. Nf1 Rad8 16. Ng3 Bc8 17. Rd2 h5 18. d5 c5 19. b4 h4 20. Nf1 b6 21.
Rdd1 h3 22. g3 Bf5 23. Nd2 N8d7 24. Rb1 Rb8 25. Rb3 Rec8 26. Reb1 cxb4 27.
Rxb4 b5 28. Qd1 Ne8 29. Bb2 g5 30. Ba1 Be5 31. Bg4 Bg6 32. Bxh3 f5 33. Ne2
Bxa1 34. Rxa1 Ne5 35. cxb5 axb5 36. Nd4 Qf7 37. Qb3 Nc7 38. Ne6 g4 39. Bf1
Nxd5 40. Qxd5 Rb6 41. Nf4 Rc2 42. Nb3 Qxd5 43. Nxd5 Rb7 44. Bg2 Nd3 45. Rd4
Nxf2 46. Rd2 Rxd2 47. Nxd2 Nd3 48. Nf4 Ne5 49. Nxg6 Nxg6 50. Rb1 Ne5 51.
Bf1 Rc7 52. Rxb5 Rc2 53. Rxe5 dxe5 54. Nb1 Kf7 55. a4 Rc5 56. Kf2 Ke6 57.
Nd2 Rc2 58. Bc4+ Kd6 59. Ke2 Rc3 60. a5 Ra3 61. a6 Ke7 62. Nb1 Ra4 63. Bb5
Ra2+ 64. Kd1 Rxh2 65. Nc3 Kd6 66. Ne2 Rh7 67. Kc2 Kc5 68. Nc3 Ra7 69. Kb3
f4 70. gxf4 exf4 71. exf4 e3 72. Ka4 Rf7 73. Ne2 Rf8 74. Ka5 Rf7 75. Bd3
Rd7 76. Bb5 Rf7 77. Ba4 Rg7 78. f5 Rf7 79. f6 Rxf6 80. a7 Rf8 81. Ka6 Kd5
82. Bd7 Ra8 83. Bxg4 Ke5 84. Kb7 Rxa7+ 85. Kxa7 Kd5 86. Kb6 Kd6 87. Bf3 Ke5
88. Kc5 Kf5 89. Kd4 Kg5 90. Kxe3 Kf5 91. Ng3+ Ke5 92. Be4 Kd6 93. Kd4 Ke6
94. Nh5 Kd6 95. Bd5 Kd7 96. Ng7 Ke7 97. Ke5 Kf8 98. Nf5 Ke8 99. Kd6 Kf8
100. Be6 Ke8 101. Ke5 Kf8 102. Kf6 Ke8 103. Nh4 Kf8 104. Ng6+ Ke8 105. Ke5
Kd8 106. Kd6 Ke8 107. Bg8 Kd8 108. Bf7 Kc8 109. Nf4 Kb7 110. Kc5 Kc7 111.
Be6 Kd8 112. Kd6 Ke8 113. Ng6 Kd8 114. Bf7 Kc8 115. Bd5 Kd8 116. Bc6 Kc8
117. Nf4 Kd8 118. Ne6+ Kc8 119. Kc5 Kb8 120. Kb6 Kc8 121. Be8 1-0

[Event "7th Malaysia Open"]
[Site "Kuala Lumpur MAS"]
[Date "2010.09.02"]
[Round "2"]
[White "Lee Kim Han,E"]
[Black "Low,J"]
[Result "1/2-1/2"]
[WhiteElo "2156"]
[BlackElo "1914"]
[EventDate "2010.09.01"]

1. e4 c5 2. Nc3 g6 3. Nf3 Bg7 4. d4 cxd4 5. Nxd4 Nc6 6. Be3 Nf6 7. Be2 O-O
8. O-O d5 9. exd5 Nxd5 10. Nxd5 Nxd4 11. Bc4 Nc6 12. Qe1 Be6 13. Rd1 Bxd5
14. Bxd5 Qc7 15. c3 e6 16. Be4 Rfd8 17. Qe2 a6 18. Qc4 Rxd1 19. Rxd1 Rd8
20. Rxd8+ Qxd8 21. Qe2 Qd7 22. Kf1 Na5 23. Qd3 Qxd3+ 24. Bxd3 Kf8 25. Ke2
Ke7 26. Kd2 Kd6 27. b4 Nc6 28. Kc2 Ne5 29. Be2 b5 30. Bd4 Bh6 31. Kb3 Nc6
32. Bc5+ Kc7 33. a4 bxa4+ 34. Kxa4 Kb7 35. Bf3 Kc7 36. Be2 Kb7 37. Bd6 Bg7
38. Bf3 Kb6 39. c4 Nd4 40. Be4 f5 41. c5+ Ka7 42. Bd3 e5 43. Bc4 h6 44. Bc7
e4 45. Bb6+ Kb8 46. Bxa6 f4 47. b5 Be5 48. c6 Ne6 49. Kb3 Bc7 50. Bxc7+
Kxc7 51. Kc4 Kb6 52. Bc8 e3 53. fxe3 fxe3 54. Kd3 Nd4 55. Kxe3 Nxb5 56. Bd7
Kc7 57. Ke4 Kd6 58. Be8 Nc7 59. Bxg6 Kxc6 60. Ke5 Kd7 61. Kf6 Nd5+ 62. Kg7
Ne3 63. Be4 Ke6 64. Kg6 Ke5 65. Bf3 Nf5 66. g3 Ne3 67. Be2 Nc4 68. Kxh6 Ne3
69. Kg5 Ke6 70. h4 Kf7 71. h5 Kg7 72. Kf4 Ng2+ 73. Ke4 Kh6 74. Kf3 Nh4+ 75.
Ke4 Ng2 76. Bd1 Ne1 77. Bf3 Kg5 78. Ke3 Nc2+ 79. Ke4 Ne1 80. Bd1 Ng2 81.
Be2 Ne1 82. Ke5 Nc2 83. Bf3 Ne3 84. Ke4 Nf5 85. g4 Nh6 86. Ke5 Nxg4+ 87.
Bxg4 Kh6 88. Kf6 Kh7 89. Kf7 Kh8 90. Be6 Kh7 91. Bf5+ Kh8 92. Kg6 Kg8
1/2-1/2

[Event "7th Malaysia Open"]
[Site "Kuala Lumpur MAS"]
[Date "2010.09.02"]
[Round "2"]
[White "Nakvanich,S"]
[Black "Loo,S"]
[Result "0-1"]
[WhiteElo "1921"]
[BlackElo "2147"]
[EventDate "2010.09.01"]

1. e4 c6 2. d4 d5 3. Nc3 dxe4 4. Nxe4 Bf5 5. Ng3 Bg6 6. Nf3 Nd7 7. h4 h6 8.
h5 Bh7 9. Bd3 Bxd3 10. Qxd3 Qc7 11. Bd2 Ngf6 12. O-O-O e6 13. Kb1 Bd6 14.
Ne4 Nxe4 15. Qxe4 O-O-O 16. c4 c5 17. Qc2 Nf6 18. Rh4 Rd7 19. dxc5 Bxc5 20.
Rf1 Rhd8 21. b4 Be7 22. c5 Rd5 23. Bf4 Qd7 24. Ne5 Qb5 25. Rc1 Qxb4+ 26.
Qb2 Qxb2+ 27. Kxb2 Rxc5 28. Nxf7 Rxc1 29. Kxc1 Rd5 30. Ne5 Nd7 31. Nxd7
Bxh4 32. Ne5 Bxf2 33. g4 Rd4 34. Bd2 Bg3 0-1

[Event "7th Malaysia Open"]
[Site "Kuala Lumpur MAS"]
[Date "2010.09.02"]
[Round "2"]
[White "Anasrullah"]
[Black "Bakri,Al"]
[Result "1/2-1/2"]
[WhiteElo "2143"]
[BlackElo "1904"]
[EventDate "2010.09.01"]

1. e4 e6 2. d4 d5 3. exd5 exd5 4. Nf3 Nf6 5. h3 h6 6. c4 c6 7. Nc3 Bb4 8.
Qb3 Qe7+ 9. Be3 Be6 10. a3 Bxc3+ 11. bxc3 dxc4 12. Bxc4 Bxc4 13. Qxc4 Nd5
14. O-O O-O 15. Bd2 Nd7 16. Rfe1 Qd6 17. Qb3 b6 18. c4 Nc7 19. Bb4 c5 20.
dxc5 Nxc5 21. Bxc5 Qxc5 22. Ne5 Rfd8 23. Qf3 Qf8 24. Nc6 Re8 25. Rxe8 Qxe8
26. Kf1 Qe6 27. Rc1 a5 28. Nd4 Qe5 29. Nc6 Qc5 30. Kg1 Re8 31. a4 Na6 32.
Qd5 Qa3 33. Rb1 Nb4 34. Qd7 Rf8 35. Ne7+ Kh8 36. Nd5 Qd3 37. Rc1 Qd2 38.
Rf1 Qd4 39. Qe7 Qc5 40. Qe4 Rc8 41. Ne3 Qc6 42. Qf5 Kg8 43. Rd1 Rf8 44. Nd5
Nxd5 45. cxd5 Qxa4 46. Qf3 Qd7 47. d6 b5 48. Qc3 Ra8 49. Qc7 Qd8 50. Rd5
Qb8 51. Qc6 Qc8 52. Qxc8+ Rxc8 53. Rxb5 Rd8 54. Rb6 a4 55. Kf1 Kf8 56. Ke2
Ke8 57. Kd3 Kd7 58. Kc3 Ke6 59. Ra6 Rxd6 60. Rxa4 Ke5 61. Ra7 Ke6 62. Kc2
g6 63. Rb7 Kf6 64. Rc7 Ke6 65. Rc3 Kf6 66. Rf3+ Ke6 67. h4 h5 68. Rf4 Rd5
69. Kc3 Rf5 70. Re4+ Kf6 71. f3 Rd5 72. Rd4 Ra5 73. Rf4+ Ke6 74. Kd3 Ra3+
75. Ke2 Ra2+ 76. Kf1 Rb2 77. Kg1 Rc2 78. Kh2 Rc5 79. Kg3 Rf5 80. Re4+ Kf6
81. Re8 Re5 82. Rb8 Rc5 83. Rb7 Ra5 84. Rb6+ Kg7 85. Rb4 Ra2 86. Rb3 Rc2
87. Rd3 Ra2 88. Rd5 Ra4 89. Re5 Kf6 90. Re8 Rc4 91. Ra8 Rb4 92. Ra6+ Kg7
93. Rc6 Ra4 94. Kh3 Rf4 95. Rc3 Rf5 96. Kg3 Rb5 1/2-1/2

[Event "7th Malaysia Open"]
[Site "Kuala Lumpur MAS"]
[Date "2010.09.02"]
[Round "2"]
[White "Fong Mi Yen"]
[Black "Hukom,D"]
[Result "0-1"]
[WhiteElo "1905"]
[BlackElo "2130"]
[EventDate "2010.09.01"]

1. e4 e5 2. Nf3 Nc6 3. Bb5 a6 4. Ba4 Nf6 5. O-O b5 6. Bb3 Be7 7. Re1 O-O 8.
c3 d5 9. exd5 Nxd5 10. Bc2 Bg4 11. d3 f5 12. Nbd2 Kh8 13. Nf1 f4 14. N1d2
Nf6 15. Qe2 Qd5 16. Bb3 Qd6 17. Qf1 Rad8 18. Ng5 Nd5 19. Nge4 Qg6 20. Bxd5
Rxd5 21. f3 Bf5 22. c4 Rd7 23. Nb3 Nb4 24. Rd1 Rfd8 25. Nec5 Qb6 26. d4
Rxd4 27. Rxd4 Bxc5 28. Kh1 Bxd4 29. Bd2 Bd3 30. Qe1 Nc2 31. Qh4 Qf6 32.
Qxf6 gxf6 33. Rd1 bxc4 34. Nxd4 Nxd4 35. Ba5 Rb8 0-1

[Event "7th Malaysia Open"]
[Site "Kuala Lumpur MAS"]
[Date "2010.09.02"]
[Round "2"]
[White "Limono,Handjojo"]
[Black "Abdullah,AlS"]
[Result "0-1"]
[WhiteElo "1898"]
[BlackElo "2125"]
[EventDate "2010.09.01"]

1. Nf3 Nf6 2. g3 d5 3. Bg2 g6 4. c4 d4 5. O-O Bg7 6. d3 O-O 7. b4 Re8 8.
Bb2 e5 9. Nbd2 c6 10. Qc2 Nh5 11. e3 dxe3 12. fxe3 Qb6 13. Rae1 Qxb4 14. d4
Nd7 15. Bc3 Qe7 16. dxe5 Nxe5 17. Nxe5 Bxe5 18. Nf3 Bf5 19. e4 Qc5+ 20. Kh1
Bxc3 21. Qxc3 Bxe4 22. Re3 Re7 23. Rd1 Rae8 24. Re2 Ng7 25. Nh4 Bxg2+ 26.
Rxg2 Re3 27. Qa1 Qxc4 28. Rgd2 Re2 29. Ng2 Qc5 30. Nf4 Rxd2 31. Rxd2 Qb4
32. Qd1 Qe4+ 33. Ng2 Nf5 34. Rd8 Kf8 35. Qd2 Rxd8 36. Qxd8+ Kg7 37. Qd2 c5
38. Qb2+ Qd4 39. Qc1 c4 40. Nf4 c3 41. Qb1 Ne3 42. Qd3 Qc5 43. Qd7 c2 44.
Ne6+ Kh6 45. h4 c1=Q+ 46. Kh2 Q5c2+ 0-1

[Event "7th Malaysia Open"]
[Site "Kuala Lumpur MAS"]
[Date "2010.09.02"]
[Round "2"]
[White "Tan Jun Feng"]
[Black "Rian,K"]
[Result "1-0"]
[WhiteElo "1870"]
[BlackElo "2096"]
[EventDate "2010.09.01"]

1. e4 c5 2. Nf3 Nc6 3. d4 cxd4 4. Nxd4 Nf6 5. Nc3 g6 6. Be3 Bg7 7. Bc4 O-O
8. Bb3 d6 9. f3 Bd7 10. Qd2 Qa5 11. O-O-O Rfc8 12. Kb1 Ne5 13. h4 Nc4 14.
Bxc4 Rxc4 15. Nb3 Qc7 16. h5 Rxc3 17. bxc3 Nxh5 18. g4 Nf6 19. e5 dxe5 20.
g5 Bf5 21. gxf6 exf6 22. Bh6 Bxh6 23. Qxh6 Qxc3 24. Qxh7+ Kf8 25. Qh6+ Ke7
26. Qd2 Qxd2 27. Rxd2 Rc8 28. Kb2 Rc4 29. Rh8 g5 30. Rb8 Bc8 31. Rd5 b6 32.
Nd2 Rc7 33. Ne4 g4 34. Nd6 Be6 35. Rd3 f5 36. Re8+ Kf6 37. fxg4 fxg4 38.
Rg8 Rd7 39. a3 e4 40. Nxe4+ Ke5 41. Ng5 Rxd3 42. cxd3 Bd5 43. Nxf7+ Kf4 44.
Rg7 g3 45. Kc3 g2 46. Nd6 Bf3 47. Nf7 Bg4 48. Ne5 g1=Q 49. Rxg4+ Qxg4 50.
Nxg4 Kxg4 51. Kd4 Kf4 52. Kd5 Ke3 53. d4 b5 54. Kc5 a5 55. d5 b4 56. Kc4
1-0

[Event "7th Malaysia Open"]
[Site "Kuala Lumpur MAS"]
[Date "2010.09.02"]
[Round "2"]
[White "Chong Chor Yuen"]
[Black "Tin Jingyao"]
[Result "1-0"]
[WhiteElo "2063"]
[BlackElo "1828"]
[EventDate "2010.09.01"]

1. e4 c5 2. Nf3 d6 3. d4 cxd4 4. Nxd4 Nf6 5. Nc3 a6 6. Be3 e6 7. Bd3 Be7 8.
O-O O-O 9. Qf3 Nbd7 10. Qg3 Re8 11. f4 b5 12. e5 Nd5 13. Nxd5 exd5 14. Nc6
Qc7 15. Nxe7+ Rxe7 16. Bxh7+ Kf8 17. Bd3 dxe5 18. fxe5 Nc5 19. Qh4 Ne6 20.
Bf5 Re8 21. Bg6 Nd8 22. Qh8+ Ke7 23. Qxg7 Be6 24. Rf6 Kd7 25. Raf1 Re7 26.
b4 fxg6 27. Qxg6 Kc8 28. Bc5 Rg7 29. Qh6 Qd7 30. Bb6 Bh3 31. e6 Qb7 32. e7
Qxe7 33. Qxh3+ Kb7 34. Qf3 Nc6 35. Qxd5 Kxb6 36. Qxc6+ Ka7 37. Qb6+ 1-0

[Event "7th Malaysia Open"]
[Site "Kuala Lumpur MAS"]
[Date "2010.09.02"]
[Round "2"]
[White "Nur,N"]
[Black "Nakamura,N"]
[Result "1-0"]
[WhiteElo "1829"]
[BlackElo "2064"]
[EventDate "2010.09.01"]

1. d4 Nf6 2. Nf3 e6 3. c4 d5 4. Nc3 Nbd7 5. Bg5 Bb4 6. cxd5 exd5 7. Qc2 c5
8. a3 Qa5 9. Bd2 Bxc3 10. Bxc3 Qc7 11. dxc5 Qxc5 12. Rc1 Ne4 13. Bd4 Qa5+
14. Nd2 O-O 15. f3 Nd6 16. Qc3 Qxc3 17. Bxc3 Rd8 18. e3 Nf8 19. Kf2 Be6 20.
Be2 Rac8 21. Rhd1 Nd7 22. Nb3 f6 23. Nd4 Bf7 24. Bb4 Nc4 25. Nf5 a5 26.
Ne7+ Kf8 27. Nxc8+ axb4 28. Bxc4 Rxc8 29. Bb5 Rxc1 30. Rxc1 Ne5 31. f4 Nc4
32. axb4 Nd6 33. Bd3 Be8 34. Rc7 Bc6 35. b5 1-0